| 000 | 00469nam a2200181Ia 4500 | ||
|---|---|---|---|
| 001 | 20257 | ||
| 005 | 20260306172753.0 | ||
| 008 | 260306t2024||||xx |||||||||||||| ||spa|| | ||
| 041 | _aESP | ||
| 082 |
_a343.0999IA _bB25C |
||
| 100 |
_aBarrio Andrés, Moisés, _eAUT |
||
| 245 | 0 | _aComentarios al reglamento europeo de inteligencia artificial | |
| 260 | _c2024 | ||
| 300 |
_a1082 páginas : _c24 cm. |
||
| 650 | _aGEN | ||
| 654 | _aCDE | ||
| 942 |
_cLIB _dJUS _fJUS _2ddc _n |
||
| 999 |
_c20257 _d20257 |
||